|
|
|
|
| LEADER |
00668nab a2200181 i 4500 |
| 001 |
acta23957 |
| 005 |
20210601150108.0 |
| 008 |
161017s1975 hu o 0|| eng d |
| 022 |
|
|
|a 0001-6721
|
| 040 |
|
|
|a SZTE Egyetemi Kiadványok Repozitórium
|b hun
|
| 041 |
|
|
|a eng
|
| 100 |
1 |
|
|a Maráz Vilmos
|
| 245 |
1 |
0 |
|a Semi-empirical molecular orbital calculations of binuclear cobalt complexes 2.
|h [elektronikus dokumentum] /
|c Maráz Vilmos
|
| 260 |
|
|
|c 1975
|
| 300 |
|
|
|a 93-95
|
| 490 |
0 |
|
|a Acta physica et chemica
|v 21 No. 3-4
|
| 695 |
|
|
|a Természettudomány, Fizika, Kémia
|
| 856 |
4 |
0 |
|u http://acta.bibl.u-szeged.hu/23957/1/phys_chem_021_fasc_003_004_093-095.pdf
|z Dokumentum-elérés
|